Ecología: grito de la tierra, grito de los pobres (Registro nro. 3052)
[ vista simple ]
| 000 -Cabecera | |
|---|---|
| Campo de control de longitud fija | 00621aam a2200229 4500 |
| 005 - Fecha y hora de la última transacción | |
| Campo de control | 20240524172856.0 |
| 008 - Elementos de longitud fija--Información general | |
| Campo de control de longitud fija | 150624b xxu||||| |||| 00| 0 spa d |
| 020 ## - International Standard Book Number | |
| Número Internacional Estándar del Libro (ISBN) | 8481641049 |
| 041 ## - Idioma | |
| Código de idioma | Español |
| 082 ## - Clasificación Decimal Dewey | |
| Número de clasificación | 577 B673e |
| 100 ## - Entrada principal--Autor personal | |
| Nombre personal | Boff, Leonardo |
| 9 (RLIN) | 26107 |
| 245 ## - Título propiamente dicho | |
| Título | Ecología: grito de la tierra, grito de los pobres |
| 260 ## - Pie de imprenta | |
| Lugar de publicación, distribución, etc. | Madrid |
| 260 ## - Pie de imprenta | |
| Nombre del editor, distribuidor, etc. | Editorial Trotta |
| 260 ## - Pie de imprenta | |
| Fecha de publicación, distribución, etc. | 2006 |
| 300 ## - Descripción física | |
| Extensión | 282 páginas |
| 440 ## - Declaración de serie/asiento adicional--título | |
| Título de la serie | Colección estructuras y procesos: Serie Religión |
| 650 ## - Materia general | |
| Temática (materia general) | TEOLOGÍA DE LA LIBERACIÓN |
| 650 ## - Materia general | |
| Temática (materia general) | COSMOVISIÓN ECOLÓGICA |
| 650 ## - Materia general | |
| Temática (materia general) | ECOLOGÍA |
| 942 ## - Punto de acceso adicional KOHA | |
| Tipo de ítem KOHA | Libro |
| Fuente del sistema de clasificación o colocación | Dewey Decimal Classification |
| Signatura completa | Código de barras | Tipo de ítem |
|---|---|---|
| 577 B673e | 17789 | Libro |
| 577 B673e | 17790 | Libro |